[Event "Women's Speed Chess Q2"]
[Site "chess.com INT"]
[Date "2021.05.29"]
[Round "11"]
[White "Nguyen, Thi Thanh An"]
[Black "Mrudul, Dehankar"]
[Result "0-1"]
[WhiteTitle "WGM"]
[BlackTitle "WIM"]
[WhiteElo "2259"]
[BlackElo "2256"]
[WhiteFideId "12400300"]
[BlackFideId "25096990"]
[EventDate "2021.05.29"]

1. d4 Nf6 2. Bf4 e6 3. e3 b6 4. Nf3 Bb7 5. Bd3 Be7 6. Nbd2 c5 7. c3 d6 8. Bg3
Nbd7 9. O-O Nh5 10. Qe2 Nxg3 11. hxg3 a6 12. e4 cxd4 13. cxd4 e5 14. d5 g6 15.
b4 h5 16. Nc4 Kf8 17. Rfc1 Kg7 18. a3 Rc8 19. Ne3 b5 20. Rxc8 Qxc8 21. Qe1 Nb6
22. Rc1 Qd7 23. Nd2 Rc8 24. Nb3 Rc7 25. Na5 Qc8 26. Rxc7 Qxc7 27. Qd1 Bc8 28.
Qc2 Qxc2 29. Nxc2 Bd7 30. f3 Kf8 31. Kf2 Ke8 32. Ke3 Kd8 33. Ke2 Kc7 34. Ne3 Na4
35. Nd1 Nb6 36. Bc2 Bg5 37. Bb3 Bc1 38. Kd3 Bxa3 39. Kc3 Na4+ 40. Bxa4 bxa4 41.
Ne3 Bc1 42. Nec4 Bg5 43. Kc2 f5 44. Kd3 Be7 45. Kc2 Bf6 46. Kb2 Bb5 47. Ka3 fxe4
48. fxe4 Bg5 49. Kb2 Bd7 50. Kc2 Bg4 51. Kd3 Bd1 52. Nb2 Bg4 53. Nxa4 h4 54. Nc3
hxg3 55. Ne2 Bxe2+ 56. Kxe2 Bf4 57. Nb3 Kb6 58. Na5 Kb5 59. Nc6 Kc4 60. Kf3 Bd2
61. Ne7 Bxb4 62. Nxg6 a5 63. Ne7 a4 64. Nf5 a3 65. Ne3+ Kd3 66. Nd1 a2 67. Nb2+
Kc2 68. Na4 a1=Q 69. Nb6 Qc3+ 70. Kg4 Qe3 71. Nc4 Qxe4+ 72. Kxg3 Qxc4 73. Kh3
Be1 74. g4 Qf4 75. Kg2 Qf2+ 76. Kh3 Qg3# 0-1

[Event "Women's Speed Chess Q2"]
[Site "chess.com INT"]
[Date "2021.05.29"]
[Round "12"]
[White "Sukandar, Irine Kharisma"]
[Black "Marjanovic, Annamaria"]
[Result "1-0"]
[WhiteTitle "IM"]
[BlackTitle "WGM"]
[WhiteElo "2413"]
[BlackElo "2338"]
[WhiteFideId "7101937"]
[BlackFideId "750930"]
[EventDate "2021.05.29"]

1. d4 Nf6 2. Bf4 g6 3. Nc3 d5 4. e3 c6 5. h4 h5 6. Nf3 Bg7 7. Ne5 Nbd7 8. Bd3
Nxe5 9. Bxe5 Be6 10. Qe2 Rg8 11. O-O-O Qd7 12. e4 Nxe4 13. Bxe4 dxe4 14. Bxg7
Rxg7 15. Nxe4 Bf5 16. Nf6+ Kd8 17. Nxd7 Kxd7 18. d5 1-0

[Event "Women's Speed Chess Q2"]
[Site "chess.com INT"]
[Date "2021.05.29"]
[Round "12"]
[White "Belenkaya, Dina"]
[Black "Purtseladze, Maka"]
[Result "1-0"]
[WhiteTitle "WGM"]
[BlackTitle "IM"]
[WhiteElo "2304"]
[BlackElo "2274"]
[WhiteFideId "24142654"]
[BlackFideId "13602659"]
[EventDate "2021.05.29"]

1. e4 e6 2. Qe2 d5 3. exd5 Qxd5 4. Nc3 Qd8 5. g3 c5 6. Bg2 Nc6 7. Nf3 g6 8. O-O
Bg7 9. Ne4 Nd4 10. Nxd4 cxd4 11. c4 d3 12. Qf3 f5 13. Nc5 e5 14. Nxb7 Bxb7 15.
Qxb7 Rb8 16. Qxg7 1-0

[Event "Women's Speed Chess Q2"]
[Site "chess.com INT"]
[Date "2021.05.29"]
[Round "12"]
[White "Mordido, Kylen Joy"]
[Black "Zaksaite, Salomeja"]
[Result "1-0"]
[WhiteTitle "WIM"]
[BlackTitle "WIM"]
[WhiteElo "2014"]
[BlackElo "2202"]
[WhiteFideId "5219086"]
[BlackFideId "12801496"]
[EventDate "2021.05.29"]

1. c4 g6 2. d4 Bg7 3. Nc3 b6 4. e4 Bb7 5. f3 e6 6. Be3 Ne7 7. Nge2 d6 8. Qd2 Nd7
9. Ng3 h6 10. Be2 c6 11. d5 cxd5 12. cxd5 exd5 13. Nxd5 Nxd5 14. exd5 Nf6 15.
Bb5+ Kf8 16. Bc6 Qe7 17. Kf2 Kg8 18. Rhe1 Bxc6 19. dxc6 Qc7 20. Rac1 Kh7 21. Bf4
Rad8 22. b4 b5 23. Qd3 Nh5 24. Nxh5 1-0

[Event "Women's Speed Chess Q2"]
[Site "chess.com INT"]
[Date "2021.05.29"]
[Round "12"]
[White "Gu, Xiaobing"]
[Black "Buksa, Nataliya"]
[Result "0-1"]
[WhiteTitle "WGM"]
[BlackTitle "IM"]
[WhiteElo "2263"]
[BlackElo "2414"]
[WhiteFideId "8602611"]
[BlackFideId "14123622"]
[EventDate "2021.05.29"]

1. e4 c5 2. Nf3 Nc6 3. Bb5 g6 4. Bxc6 dxc6 5. d3 Bg7 6. h3 Nf6 7. O-O Nd7 8. Nc3
e5 9. Be3 b6 10. Qd2 Nf8 11. Bh6 Bf6 12. Ng5 Ne6 13. Nxe6 Bxe6 14. Ne2 g5 15.
Ng3 Rg8 16. Nf5 Rg6 17. h4 Bxf5 18. hxg5 Bg4 19. gxf6 Qxf6 20. Be3 Bf3 21. g3
Qh4 0-1

[Event "Women's Speed Chess Q2"]
[Site "chess.com INT"]
[Date "2021.05.29"]
[Round "12"]
[White "Arpita, Mukherjee"]
[Black "Cyfka, Karina"]
[Result "1-0"]
[WhiteTitle "WIM"]
[BlackTitle "IM"]
[WhiteElo "2206"]
[BlackElo "2415"]
[WhiteFideId "5056403"]
[BlackFideId "1122681"]
[EventDate "2021.05.29"]

1. e4 e5 2. Nf3 Nc6 3. Bb5 a6 4. Ba4 Nf6 5. d3 b5 6. Bb3 Be7 7. O-O O-O 8. a4 b4
9. a5 d6 10. h3 Nd7 11. Bd5 Bb7 12. Nbd2 Nc5 13. Nc4 Kh8 14. Be3 Ne6 15. c3 bxc3
16. bxc3 Qd7 17. Rb1 Rab8 18. Qa4 Ned8 19. Ba7 Ra8 20. Rxb7 Nxb7 21. Bxc6 Qe6
22. Be3 Rab8 23. Bxb7 Rxb7 24. Qc6 Rfb8 25. Qxa6 f5 26. Qc6 fxe4 27. dxe4 Rb1
28. a6 Rxf1+ 29. Kxf1 Rb1+ 30. Ke2 1-0

[Event "Women's Speed Chess Q2"]
[Site "chess.com INT"]
[Date "2021.05.29"]
[Round "12"]
[White "Vantika, Agrawal"]
[Black "Morris-Suzuki, Sophie"]
[Result "0-1"]
[WhiteTitle "WIM"]
[BlackTitle "WFM"]
[WhiteElo "2286"]
[BlackElo "2043"]
[WhiteFideId "25050389"]
[BlackFideId "30922615"]
[EventDate "2021.05.29"]

1. d4 d5 2. c4 dxc4 3. Nf3 Nf6 4. e3 Bg4 5. Bxc4 e6 6. Nc3 a6 7. h3 Bh5 8. g4
Bg6 9. Ne5 Nbd7 10. Nxg6 hxg6 11. g5 Nd5 12. Nxd5 exd5 13. Bxd5 c6 14. Bb3 Qxg5
15. Qf3 Bb4+ 16. Kd1 Nf6 17. e4 Qb5 18. Be3 Qd3+ 19. Kc1 Bd2+ 20. Kd1 Bxe3+ 21.
Ke1 Bd2+ 22. Kd1 Qxf3+ 23. Kxd2 Nxe4+ 24. Kc2 Qe2+ 0-1

[Event "Women's Speed Chess Q2"]
[Site "chess.com INT"]
[Date "2021.05.29"]
[Round "12"]
[White "Priyanka, K"]
[Black "Padmini, Rout"]
[Result "0-1"]
[WhiteTitle "WIM"]
[BlackTitle "IM"]
[WhiteElo "2218"]
[BlackElo "2370"]
[WhiteFideId "5082986"]
[BlackFideId "5029295"]
[EventDate "2021.05.29"]

1. e4 c5 2. Nf3 e6 3. d4 cxd4 4. Nxd4 Nc6 5. Nc3 Qc7 6. Be3 a6 7. Be2 Nf6 8. O-O
Be7 9. a4 O-O 10. f4 d6 11. Kh1 Bd7 12. Bf3 Nxd4 13. Qxd4 Bc6 14. a5 e5 15. Qd3
exf4 16. Bxf4 Nd7 17. Nd5 Bxd5 18. exd5 Bf6 19. c3 Ne5 20. Bxe5 Bxe5 21. Ra4 f5
22. Qc4 Qe7 23. Rb4 Rf7 24. Qd3 Raf8 25. Re1 Qg5 26. Rf1 Qh6 27. h3 g5 28. Be2
g4 29. Rg1 Qh4 30. Ra4 Kh8 0-1

[Event "Women's Speed Chess Q2"]
[Site "chess.com INT"]
[Date "2021.05.29"]
[Round "12"]
[White "Mahalakshmi, M"]
[Black "Daulyte-Cornette, Deimante"]
[Result "0-1"]
[WhiteTitle "WIM"]
[BlackTitle "IM"]
[WhiteElo "2253"]
[BlackElo "2387"]
[WhiteFideId "5001080"]
[BlackFideId "12802859"]
[EventDate "2021.05.29"]

1. d4 d6 2. Nf3 Nf6 3. c4 g6 4. Nc3 Bf5 5. e4 Nxe4 6. Nxe4 Bxe4 7. Be2 Bg7 8.
O-O O-O 9. Re1 Nc6 10. Be3 e5 11. d5 Ne7 12. Ng5 Bf5 13. h4 Bd7 14. h5 Nf5 15.
Bc1 Nd4 16. Bd3 f5 17. hxg6 hxg6 18. Be3 f4 19. Bxd4 Qxg5 20. Bc3 f3 21. g3 Qh5
22. Be4 Bg4 23. Re3 Rf6 24. c5 Kf7 25. cxd6 Rh8 26. Bxf3 Bxf3 27. Rxf3 Qh1# 0-1

[Event "Women's Speed Chess Q2"]
[Site "chess.com INT"]
[Date "2021.05.29"]
[Round "12"]
[White "Mrudul, Dehankar"]
[Black "Mendoza, Shania Mae"]
[Result "1-0"]
[WhiteTitle "WIM"]
[BlackTitle "WFM"]
[WhiteElo "2256"]
[BlackElo "2158"]
[WhiteFideId "25096990"]
[BlackFideId "5211158"]
[EventDate "2021.05.29"]

1. e4 e5 2. Nf3 Nc6 3. Bb5 Nf6 4. O-O d6 5. Nc3 Be7 6. d4 exd4 7. Nxd4 Bd7 8. f4
O-O 9. Bxc6 bxc6 10. e5 Nd5 11. Nxd5 cxd5 12. Qf3 c5 13. Ne2 Bc6 14. Ng3 Qb6 15.
Nf5 Rfe8 16. Qg4 g6 17. Nh6+ Kg7 18. f5 dxe5 19. fxg6 fxg6 20. Qe6 c4+ 21. Kh1
Bg5 22. Rf7+ Kxh6 23. Qh3# 1-0

[Event "Women's Speed Chess Q2"]
[Site "chess.com INT"]
[Date "2021.05.29"]
[Round "12"]
[White "Perez Rodriguez, Jennifer"]
[Black "Osmak, Iulija"]
[Result "1-0"]
[WhiteTitle "WIM"]
[BlackTitle "IM"]
[WhiteElo "2251"]
[BlackElo "2425"]
[WhiteFideId "3507831"]
[BlackFideId "14101602"]
[EventDate "2021.05.29"]

1. e4 c6 2. d4 d5 3. exd5 cxd5 4. c4 Nf6 5. Nc3 Nc6 6. Nf3 Be6 7. Ng5 Bg4 8. f3
Bf5 9. cxd5 Nxd5 10. Qb3 Nxd4 11. Bb5+ Nc6 12. Qxd5 Qxd5 13. Nxd5 O-O-O 14. Nc3
Nd4 15. Nxf7 Nc2+ 16. Kf2 Nxa1 17. Nxh8 Be6 18. Re1 Bg8 19. Re2 g6 20. b3 Bg7
21. Bb2 Bd4+ 22. Kg3 Bxh8 23. Bxa1 a6 24. Bc4 Bxc4 25. bxc4 Rd3 26. Rc2 Be5+ 27.
Kh3 Kd7 28. Bb2 Ke6 29. Ne4 1-0

[Event "Women's Speed Chess Q2"]
[Site "chess.com INT"]
[Date "2021.05.29"]
[Round "12"]
[White "Komiagina, Maria"]
[Black "Singgih, Diajeng Theresa"]
[Result "0-1"]
[WhiteTitle "WIM"]
[BlackTitle "WFM"]
[WhiteElo "2241"]
[BlackElo "1972"]
[WhiteFideId "4153987"]
[BlackFideId "7104391"]
[EventDate "2021.05.29"]

1. e4 e5 2. Nf3 Nc6 3. Bb5 a6 4. Ba4 Bc5 5. c3 b5 6. Bc2 Nf6 7. O-O d6 8. d4 Bb6
9. h3 O-O 10. a4 Bb7 11. Re1 Re8 12. d5 Ne7 13. axb5 axb5 14. Rxa8 Bxa8 15. Bb3
Ng6 16. Qd3 Nh5 17. Qxb5 Nhf4 18. Qf1 Bb7 19. g3 Nh5 20. Kh2 Bc8 21. Qe2 Qd7 22.
Ng1 Nf6 23. Bg5 h6 24. Bxf6 gxf6 25. Nd2 f5 26. Bc2 f4 27. Kg2 fxg3 28. fxg3 Qe7
29. Qf3 Qg5 30. Nf1 Nh4+ 31. Kh2 Bxg1+ 0-1

[Event "Women's Speed Chess Q2"]
[Site "chess.com INT"]
[Date "2021.05.29"]
[Round "12"]
[White "Nguyen, Thi Mai Hung"]
[Black "Nandhidhaa, P V"]
[Result "1-0"]
[WhiteTitle "WGM"]
[BlackTitle "WGM"]
[WhiteElo "2254"]
[BlackElo "2365"]
[WhiteFideId "12401676"]
[BlackFideId "5050847"]
[EventDate "2021.05.29"]

1. d4 d5 2. Nf3 Nf6 3. g3 e6 4. Bg2 b5 5. a4 b4 6. c4 Be7 7. O-O O-O 8. Nbd2 Bb7
9. a5 dxc4 10. Nxc4 c5 11. dxc5 Bxc5 12. Qb3 Bd5 13. Bf4 Nc6 14. Qc2 Rc8 15. Ne3
Nd4 16. Nxd4 Bxd4 17. Qd2 Ne4 18. Qxd4 f5 19. Nxd5 exd5 20. Rfd1 Rc2 21. Bf3 g5
22. Be5 g4 23. Bxe4 fxe4 24. Rd2 Rc4 25. Qxd5+ 1-0

[Event "Women's Speed Chess Q2"]
[Site "chess.com INT"]
[Date "2021.05.29"]
[Round "12"]
[White "Frattini, Beatriz Maria"]
[Black "Petrova, Irina"]
[Result "0-1"]
[WhiteTitle "WCM"]
[BlackTitle "WIM"]
[WhiteElo "1854"]
[BlackElo "2110"]
[WhiteFideId "22715002"]
[BlackFideId "14124122"]
[EventDate "2021.05.29"]

1. e4 d6 2. d4 Nf6 3. Nc3 e5 4. Nf3 Nbd7 5. h3 Be7 6. Be3 O-O 7. Qd2 c6 8. O-O-O
b5 9. g4 b4 10. Ne2 Nxe4 11. Qxb4 d5 12. Qe1 Bf6 13. dxe5 Nxe5 14. Nxe5 Bxe5 15.
Bd4 Qf6 16. Bxe5 Qxe5 17. f3 Nc5 18. Nd4 Qf4+ 19. Qd2 Qxd2+ 20. Rxd2 Bd7 21. Bg2
Rab8 22. Re1 Na4 23. Re7 Rfd8 24. b3 Nb6 25. Rde2 c5 26. Nf5 Bxf5 27. gxf5 a5
28. f4 a4 29. Bf3 axb3 30. axb3 Kf8 31. Bh5 Rd7 32. R7e5 c4 33. b4 c3 34. Bf3
Ra7 35. Kb1 Rba8 0-1

[Event "Women's Speed Chess Q2"]
[Site "chess.com INT"]
[Date "2021.05.29"]
[Round "12"]
[White "Eswaran, Ashritha"]
[Black "Papp, Petra"]
[Result "1-0"]
[WhiteTitle "WIM"]
[BlackTitle "WGM"]
[WhiteElo "2244"]
[BlackElo "2336"]
[WhiteFideId "2080788"]
[BlackFideId "739049"]
[EventDate "2021.05.29"]

1. e4 c6 2. d4 d5 3. Nc3 dxe4 4. Nxe4 Nf6 5. Nxf6+ exf6 6. c3 Bd6 7. Bd3 O-O 8.
Qc2 Re8+ 9. Ne2 h5 10. Be3 Nd7 11. O-O-O Nf8 12. Kb1 Be6 13. h3 h4 14. Rhg1 Qa5
15. c4 b5 16. d5 cxd5 17. cxd5 Bxd5 18. Bh7+ Nxh7 19. Rxd5 Be5 20. Qb3 Qa4 21.
Rxb5 Qe4+ 22. Qc2 Qxc2+ 23. Kxc2 Rac8+ 24. Kb1 Ng5 25. Bxa7 Bh2 26. Rc1 Ne4 27.
Rxc8 Rxc8 28. Be3 g6 29. a4 f5 30. a5 Nd6 31. Rc5 Ra8 32. b4 Ne4 33. Rc4 g5 34.
f3 Nd6 35. Rc6 g4 36. a6 Nb5 37. hxg4 fxg4 38. fxg4 Re8 39. Nc3 Nxc3+ 40. Rxc3
Be5 41. Ra3 Bb8 42. a7 Bxa7 43. Bxa7 Re4 44. Bc5 Rxg4 45. b5 1-0

[Event "Women's Speed Chess Q2"]
[Site "chess.com INT"]
[Date "2021.05.29"]
[Round "12"]
[White "Kiran, Manisha Mohanty"]
[Black "Nikolova, Adriana"]
[Result "0-1"]
[WhiteTitle "WGM"]
[BlackTitle "WGM"]
[WhiteElo "2168"]
[BlackElo "2243"]
[WhiteFideId "5019575"]
[BlackFideId "2908689"]
[EventDate "2021.05.29"]

1. e4 c5 2. Nf3 Nc6 3. d4 cxd4 4. Nxd4 Nf6 5. Nc3 d6 6. Bc4 e6 7. O-O Be7 8. Kh1
O-O 9. Bb3 Na5 10. f4 Nxb3 11. axb3 Qc7 12. f5 exf5 13. Bg5 Qc5 14. Nxf5 Bxf5
15. Rxf5 Qc6 16. Bxf6 Bxf6 17. Rxf6 gxf6 18. Nd5 Kh8 19. Qh5 Rg8 20. Rf1 Rg7 21.
c3 Re8 22. Nxf6 Rxe4 23. Nxe4 Qxe4 24. Qf3 Qxf3 25. Rxf3 Kg8 26. h4 Rg4 27. g3
Re4 28. Rf2 Kf8 29. Kg2 Ke7 30. Kf3 f5 31. Rd2 Ke6 32. Rd1 a6 33. b4 d5 34. Rd2
Ke5 35. Rd1 f4 36. g4 Re3+ 37. Kf2 Rh3 38. Re1+ Kd6 39. h5 Rg3 40. Rg1 Rxg1 41.
Kxg1 Ke6 42. Kf2 h6 43. Kf3 Ke5 44. g5 hxg5 45. h6 Kf6 46. Kg4 Kg6 47. Kf3 Kxh6
48. Kg4 Kg6 49. Kf3 Kf5 50. Kf2 g4 51. Ke2 Ke4 52. Kd2 f3 53. Kc2 g3 54. Kb3 g2
55. Ka4 g1=Q 56. Ka5 Qa1+ 57. Kb6 Qxb2 58. Kxb7 f2 59. Kxa6 Qxc3 60. Kb5 f1=Q+
61. Kb6 Qxb4+ 62. Kc7 d4 63. Kd7 d3 0-1

[Event "Women's Speed Chess Q2"]
[Site "chess.com INT"]
[Date "2021.05.29"]
[Round "12"]
[White "Kulkarni, Bhakti"]
[Black "Assaubayeva, Bibisara"]
[Result "0-1"]
[WhiteTitle "IM"]
[BlackTitle "IM"]
[WhiteElo "2391"]
[BlackElo "2381"]
[WhiteFideId "5019516"]
[BlackFideId "13708694"]
[EventDate "2021.05.29"]

1. d4 Nf6 2. Nf3 g6 3. g3 Bg7 4. Bg2 O-O 5. O-O Nc6 6. b3 d5 7. Bb2 a5 8. c4 a4
9. Nbd2 axb3 10. axb3 Rxa1 11. Qxa1 Bg4 12. Re1 Qa8 13. Ne5 Qxa1 14. Bxa1 Nxe5
15. dxe5 Nd7 16. e6 fxe6 17. Bxg7 Kxg7 18. cxd5 exd5 19. Bxd5 c6 20. Bg2 Ra8 21.
Nc4 Ra2 22. e4 Nc5 23. Ne5 Be2 24. b4 Nb3 25. Bh3 Nd4 26. Bc8 Kf6 27. Nd7+ Ke6
28. Nc5+ Kd6 29. Rc1 b6 30. e5+ Kxe5 31. Nd7+ Kd6 32. Nf8 Bf3 33. Re1 Ra8 34.
Nxh7 Rxc8 35. Ng5 Bd5 36. Rd1 c5 37. h4 e5 38. g4 cxb4 39. Kf1 b3 40. h5 gxh5
41. gxh5 b2 42. h6 Rc1 43. Ke1 Rxd1+ 0-1

[Event "Women's Speed Chess Q2"]
[Site "chess.com INT"]
[Date "2021.05.29"]
[Round "12"]
[White "Sviridova, Vlada"]
[Black "Chu, Ruotong"]
[Result "0-1"]
[WhiteTitle "WFM"]
[BlackTitle "WIM"]
[WhiteElo "2144"]
[BlackElo "2207"]
[WhiteFideId "24109606"]
[BlackFideId "8605653"]
[EventDate "2021.05.29"]

1. d4 d5 2. c4 dxc4 3. Nf3 Nf6 4. e3 e6 5. Bxc4 a6 6. O-O c5 7. b3 Nc6 8. Bb2
Be7 9. Nbd2 O-O 10. Rc1 cxd4 11. Nxd4 Nxd4 12. Bxd4 b5 13. Be2 Bb7 14. Bf3 Bxf3
15. Qxf3 e5 16. Bxe5 Qxd2 17. Rfd1 Qxa2 18. Rc7 Qa3 19. g4 h6 20. h4 Rac8 21.
Rb7 Rfd8 22. Ra1 Rc1+ 23. Rxc1 Qxc1+ 24. Kg2 Qc5 25. Bd4 Qd6 26. g5 hxg5 27.
hxg5 Nh7 28. Qf5 Nxg5 29. f4 Qc6+ 30. e4 Qxb7 31. fxg5 Rxd4 32. g6 Qxe4+ 33.
Qxe4 Rxe4 0-1

[Event "Women's Speed Chess Q2"]
[Site "chess.com INT"]
[Date "2021.05.29"]
[Round "12"]
[White "Agrest, Inna"]
[Black "Samaganova, Alexandra"]
[Result "1-0"]
[WhiteTitle "WIM"]
[BlackTitle "WFM"]
[WhiteElo "2285"]
[BlackElo "1993"]
[WhiteFideId "1708830"]
[BlackFideId "13800221"]
[EventDate "2021.05.29"]

1. e4 c5 2. Nf3 e6 3. d4 cxd4 4. Nxd4 a6 5. Bd3 Qc7 6. O-O Nf6 7. c4 b6 8. Nc3
Bb7 9. Re1 d6 10. b3 Be7 11. Bb2 O-O 12. Rc1 Re8 13. Bb1 Nbd7 14. Qf3 Ne5 15.
Qh3 Ng6 16. Qg3 Rac8 17. h4 Qb8 18. a4 d5 19. e5 Nd7 20. h5 Ngxe5 21. cxd5 Bd6
22. Ne4 Bxd5 23. Nxd6 Qxd6 24. Rcd1 Qb8 25. Ne2 f6 26. Nf4 Bxb3 27. Qxb3 Nc5 28.
Qg3 Kh8 29. h6 Nc4 30. Qxg7# 1-0

[Event "Women's Speed Chess Q2"]
[Site "chess.com INT"]
[Date "2021.05.29"]
[Round "12"]
[White "Narva, Mai"]
[Black "Li, Xueyi"]
[Result "0-1"]
[WhiteTitle "WIM"]
[BlackTitle "WGM"]
[WhiteElo "2276"]
[BlackElo "2328"]
[WhiteFideId "4500512"]
[BlackFideId "8605912"]
[EventDate "2021.05.29"]

1. e4 c6 2. d4 d5 3. f3 dxe4 4. fxe4 e5 5. Nf3 Bg4 6. Bc4 Nd7 7. O-O Ngf6 8. c3
Be7 9. Qb3 O-O 10. Qxb7 Bxf3 11. Rxf3 Nb6 12. Bd3 exd4 13. Qxc6 Rc8 14. Qb5 Bc5
15. Kh1 Ng4 16. Bf4 Nf2+ 17. Rxf2 dxc3 18. Nxc3 Bxf2 19. Rd1 Qf6 20. Bg5 Qe6 21.
a4 h6 22. Bf4 Rfd8 23. Rf1 Bd4 24. a5 Bxc3 25. axb6 Qxb6 26. bxc3 Rxc3 27. Qxb6
axb6 28. Bb1 b5 29. Be5 Rc5 30. Bb2 Rd7 0-1

[Event "Women's Speed Chess Q2"]
[Site "chess.com INT"]
[Date "2021.05.29"]
[Round "12"]
[White "Lujan, Carolina"]
[Black "Kanyamarala, Trisha"]
[Result "1-0"]
[WhiteTitle "IM"]
[BlackTitle "WIM"]
[WhiteElo "2346"]
[BlackElo "2180"]
[WhiteFideId "109878"]
[BlackFideId "45004722"]
[EventDate "2021.05.29"]

1. e4 c5 2. Nf3 d6 3. c3 Nf6 4. Be2 Bd7 5. d3 Nc6 6. O-O e6 7. Nbd2 Be7 8. Re1
O-O 9. Nf1 Qc7 10. Ng3 d5 11. Bf1 dxe4 12. dxe4 e5 13. a4 Rad8 14. Qc2 Be6 15.
h3 Na5 16. Nd2 c4 17. Nf3 Nb3 18. Rb1 Nc5 19. Be3 Nd3 20. Red1 Qa5 21. Ng5 Bc8
22. Bxd3 cxd3 23. Rxd3 Rxd3 24. Qxd3 Qxa4 25. Nf3 Rd8 26. Qe2 Nxe4 27. Nxe4 Qxe4
28. Re1 Qd5 29. Bxa7 f6 30. Bb6 Rd6 31. Be3 Bf5 32. b4 Rd7 33. Nh4 Bd3 34. Qh5
g6 35. Qg4 f5 36. Qg3 f4 37. Bxf4 exf4 38. Qxf4 Qf7 39. Qg3 Bxh4 40. Qxh4 Bf5
41. Qg3 Rd8 42. Qh4 Re8 43. Rd1 Qe7 44. Qg3 Qe2 45. Ra1 Qe5 46. Qf3 Qe6 47. Qxb7
Qe7 48. Qd5+ Qf7 49. Qd4 Rc8 50. h4 Qg7 51. Qd5+ Qf7 52. Qd4 Qf8 53. Ra7 Rd8 54.
Qc4+ Kh8 55. Qc7 Rd7 56. Qe5+ 1-0

[Event "Women's Speed Chess Q2"]
[Site "chess.com INT"]
[Date "2021.05.29"]
[Round "12"]
[White "Linares Napoles, Oleiny"]
[Black "Arabidze, Meri"]
[Result "0-1"]
[WhiteTitle "WGM"]
[BlackTitle "IM"]
[WhiteElo "2255"]
[BlackElo "2436"]
[WhiteFideId "3504794"]
[BlackFideId "13604040"]
[EventDate "2021.05.29"]

1. d4 d5 2. Bf4 Nf6 3. e3 e6 4. Nd2 Bd6 5. c3 c5 6. Ngf3 Nc6 7. Bg3 O-O 8. Bd3
b6 9. Ne5 Bb7 10. f4 Qc7 11. Qf3 Ne7 12. Bh4 Nf5 13. Bxf6 gxf6 14. Ng4 Kg7 15.
Qh3 h5 16. Nf2 Rh8 17. Rg1 Rag8 18. Bxf5 exf5 19. Qxf5 Qe7 20. Nf1 cxd4 21. cxd4
Bb4+ 22. Ke2 Ba6+ 23. Nd3 Qe4 24. Qxe4 dxe4 25. Ng3 Bxd3+ 26. Kf2 Kg6 27. a3 Bd6
28. Rac1 h4 29. Ne2 Rc8 30. Nc3 f5 31. Nd5 Rhd8 32. g4 Rxc1 33. gxf5+ Kxf5 34.
Rxc1 Bxa3 35. Nc3 Bxb2 36. Ra1 Bxa1 0-1

[Event "Women's Speed Chess Q2"]
[Site "chess.com INT"]
[Date "2021.05.29"]
[Round "12"]
[White "Shvedova, Alexandra"]
[Black "Zakirova, Aisha"]
[Result "1/2-1/2"]
[WhiteTitle "WFM"]
[BlackTitle "WCM"]
[WhiteElo "1976"]
[BlackElo "1585"]
[WhiteFideId "54154782"]
[BlackFideId "13719734"]
[EventDate "2021.05.29"]

1. e4 c5 2. Ne2 Nf6 3. Nbc3 Nc6 4. g3 g6 5. Bg2 Bg7 6. d3 O-O 7. O-O d6 8. f4
Nd4 9. h3 Rb8 10. Nxd4 cxd4 11. Ne2 e5 12. g4 b5 13. Qe1 Bb7 14. Qg3 Rc8 15. c3
dxc3 16. bxc3 exf4 17. Bxf4 d5 18. e5 Nd7 19. d4 a5 20. Rab1 Qb6 21. Be3 b4 22.
cxb4 axb4 23. a3 Rc4 24. Nf4 Rc3 25. Rxb4 Qa6 26. Qe1 Qxa3 27. Rxb7 Rxe3 28. Qf2
Nxe5 29. dxe5 Bxe5 30. Nxd5 Bd4 31. Nxe3 Bxe3 32. Kh2 Bxf2 33. Rxf2 Qd6+ 34. Kg1
Qd1+ 35. Kh2 Qd6+ 36. Kg1 Qd1+ 37. Kh2 Qd6+ 1/2-1/2

[Event "Women's Speed Chess Q2"]
[Site "chess.com INT"]
[Date "2021.05.29"]
[Round "12"]
[White "Varshini, V"]
[Black "Dworakowska, Joanna"]
[Result "1-0"]
[WhiteTitle "WGM"]
[BlackTitle "IM"]
[WhiteElo "2226"]
[BlackElo "2322"]
[WhiteFideId "5091241"]
[BlackFideId "1107445"]
[EventDate "2021.05.29"]

1. e4 c6 2. d4 d5 3. Nc3 dxe4 4. Nxe4 Nd7 5. Nf3 Ngf6 6. Nxf6+ Nxf6 7. c3 Bg4 8.
Be2 e6 9. O-O Be7 10. h3 Bxf3 11. Bxf3 O-O 12. Re1 Qc7 13. Qc2 c5 14. dxc5 Bxc5
15. Bg5 Nd7 16. Rad1 Ne5 17. Be4 h6 18. Bf4 Nf3+ 19. Bxf3 Qxf4 20. Bxb7 Rab8 21.
Be4 Rb5 22. a4 Rb6 23. b4 Be7 24. g3 Qg5 25. h4 Qf6 26. a5 Rb5 27. Bd3 Rd5 28.
c4 Rd4 29. b5 Bc5 30. Re4 Rd6 31. Qe2 Rfd8 32. Rf4 Qc3 33. Rf3 Qxa5 34. Kg2 Kf8
35. Qe4 f5 36. g4 g6 37. Qf4 Kg7 38. Qe5+ Kh7 39. Qxc5 Qa4 40. gxf5 Qxd1 41.
fxg6+ Kg8 42. Qxa7 R6d7 43. Qe3 Rxd3 44. Qxe6+ Kh8 45. Qf6+ Kg8 46. Qf7+ Kh8 47.
Qh7# 1-0

[Event "Women's Speed Chess Q2"]
[Site "chess.com INT"]
[Date "2021.05.29"]
[Round "12"]
[White "Serikbay, Assel"]
[Black "Arakhamia-Grant, Ketevan"]
[Result "0-1"]
[WhiteTitle "WIM"]
[BlackTitle "GM"]
[WhiteElo "2228"]
[BlackElo "2380"]
[WhiteFideId "13706799"]
[BlackFideId "13600168"]
[EventDate "2021.05.29"]

1. d4 Nf6 2. Nf3 g6 3. c4 Bg7 4. Nc3 d6 5. e4 O-O 6. Be2 e5 7. dxe5 dxe5 8. Qxd8
Rxd8 9. Bg5 Re8 10. O-O-O c6 11. Nxe5 Na6 12. Rhe1 h6 13. Bxf6 Bxf6 14. Nd3 Bxc3
15. bxc3 Rxe4 16. Bf3 Rxe1 17. Rxe1 Be6 18. c5 Rd8 19. Re3 Bxa2 20. Nb4 Bc4 21.
Nxa6 Bxa6 22. Re7 Kf8 23. Rc7 h5 24. g3 Re8 25. Kd2 Re5 26. Bd1 Rd5+ 27. Ke1
Rxc5 28. Bb3 Re5+ 29. Kd2 Re2+ 30. Kd1 Rxf2 31. h4 Ke8 32. Rc8+ Kd7 33. Ra8 Rf3
34. Kd2 Ke7 35. Rxa7 Rd3+ 36. Kc2 Rxg3 37. Ra8 Rg2+ 38. Kc1 Rg4 39. Rg8 Rxh4 40.
Rg7 Bc4 41. Bxc4 Rxc4 42. Kd2 0-1